000 00610nam a2200193 a 4500
005 20220526063855.0
008 991125s1991 mx 000 0 spa u
020 _a9684124392
035 _aUPN01000020894
049 _aLT
050 4 _aLB1633 M6.2
_bM3.3
100 1 _aMagaña Pérez, María Cristina
_929219
245 1 0 _aEspañol 2 /
_cMaría Cristina Magaña P., Concepción Montes de Oca D.
260 _aMéxico :
_bEsfinge,
_c1991.
300 _a230 p.
650 4 _aEspañol
_xEstudio y enseñanza (Secundaria)
_97237
700 1 _aMontes de Oca Duarte, Concepción,
_ecoaut.
_929371
905 _aLibro
999 _c20894
_d20894